Регионална библиотека "Любен Каравелов" - Русе

Изложение за състоянието на Шумненското окръжие през 1889 г. (Запис номер 129851)

MARC детайли
000 -Лидер
Контролно поле с фиксирана дължина 01853nam a2200397 c 4500
003 - Код на организацията, давaща контролен номер
Контролно поле BLK
005 - Дата и час на последна редакция
Контролно поле 20201009152621.0
008 - Елементи от данни с фиксирана дължина
fixed length control field 180409b bul|||||r ||||||| ||bul||
010 ## - Наследен системен номер
LC control number KNG00135596000
040 ## - Източник на каталожния запис
Идентификатор на билиотеката - собственик на записа BLK
041 ## - Код за език
Код за езика на текст/звукозапис или на отделно заглавие Български
Код за езика КДБФ Български
072 #7 - Код за тематичната категория
Код организация bullib
Код за тематична категория Ц
Текст Редки и ценни
080 ## - УДК
Текстов определител УДК Средна степен. Регионално управление на области, окръзи, кантони, департаменти, провинции и др.
УДК код - определител по УДК 353
УДК определител (497.217)
УДК - код + определител 353(497.217)
139 ## - Редно поле
Редна дума Окръжен съвет. Шумен
Авторски знак Окр - О 47
245 10 - Сведения за заглавието
Заглавие Изложение за състоянието на Шумненското окръжие през 1889 г.
Подзаглавни данни Представено на Шумненский окр. съвет през редовната му септ. сесия от Шуменския окр. управител М. М. Радославов
Редно поле (дума) * М. М. Радославов.
257 ## - Страна на издаване
Страна на създаване/издаване България
260 ## - Област на издателските данни
Година на издаване 1889
Печатница Шумен : скоропеч. Д. Кънчев
Място на издаване, разпространение и проч. Шумен
300 ## - Физическа характеристика
Страници 24 с.
Размери/Мащаб 21 см
380 ## - Жанр
Жанр Обществени науки
490 ## - СЕРИИ (Колекции)
9 (RLIN) 435080
Име на серия Колекция Редки и ценни издания
650 #4 - Допълнително описание по предмет – тема
Основно описание – тема или топоним Икономическо развитие - България
9 (RLIN) 257580
650 #4 - Допълнително описание по предмет – тема
Основно описание – тема или топоним Социално-икономическо положение - Шумен
9 (RLIN) 321901
650 #4 - Допълнително описание по предмет – тема
Основно описание – тема или топоним Местно управление - България
9 (RLIN) 255783
651 #4 - Допълнително описание по предмет - топоним
Географско понятие България
9 (RLIN) 241624
651 #4 - Допълнително описание по предмет - топоним
Географско понятие Шумен
9 (RLIN) 179809
653 ## - Ключова дума – ненормативна
Ключова дума социално-икономическо развитие
653 ## - Ключова дума – ненормативна
Ключова дума местно управление
653 ## - Ключова дума – ненормативна
Ключова дума съвети
659 ## - Тематичен бюлетин
Тематичен бюлетин Ц
700 1# - Други автори (авторска отговорност)
Лично име Радославов, М. М.
Автороска отговорност (Описва отношението между автора и произведението) *
9 (RLIN) 321899
710 1# - Име на организация или юридическо лице като допълнителен термин за търсене
Наименование на организация или юридическо лице като редна дума Окръжен съвет. Шумен
9 (RLIN) 321900
852 ## - Местоположение
Форматна сигнатура Рб 889
856 4# - Електронен адрес и достъп
Електронен формат pdf - файл
856 4# - Електронен адрес и достъп
Електронен формат pdf - файл
999 ## - СИСТЕМНИ КОНТРОЛНИ НОМЕРА
Koha biblionumber 129851
Koha biblioitemnumber 129851
942 ## - АРТИКУЛИ
Вид на библиотечния материал Книги
Скрит в OPAC Не
Периодичен библиозапис Да
944 ## - СЪЗДАВАНЕ И РЕДАКЦИЯ на ЗАПИСА
Създаване/Редакция Създаване
Дата на регистрацията/редакция 26.10.2012
Статус, дата на статуса ф / 26.10.2012
Служител, извършил регистрацията/редакцията Людмила_Стоянова
944 ## - СЪЗДАВАНЕ И РЕДАКЦИЯ на ЗАПИСА
Създаване/Редакция Редакция
Дата на регистрацията/редакция 30.10.2012
Статус, дата на статуса ф / 26.10.2012
999 ## - СИСТЕМНИ КОНТРОЛНИ НОМЕРА
Koha biblioitemnumber 129851
Наличности
Код за отписване Код за изгубен артикул Източник на класификационната схема Код за повреда Коз за рестрикции Код за отдаване Артикулен № Име на библиотеката - собственик Име на библиотеката, в която се намира в момента Статус (Текущо местоположение) Дата на вписване в системата Местоположение - отдел Цена в лева Инвентарен номер Систематично азбучна сигнатура Баркод Номер на екземпляра Цена в евро Служебна бележка Служебен тип на артикула
  Не е изгубен Universal Decimal Classification Не е повреден само за читалня Специални фондове ( старопечатни, редки и ценни, фонд М. Арнаудов) 211124 Регионална библиотека "Любен Каравелов" Русе Регионална библиотека "Любен Каравелов" Русе Редки и ценни 1889-01-01 Редки и ценни 0.02 31221 Рб 889 900000021005 1 0.01 N: стар фонд Дата: 01.01.1889 Дата инв: 02.04.2018 Бележки инв: Рц2018 Книги
Vip Innovations Ltd, Rousse, Bulgaria 2025